What Does It Border? Quiz Stats

 Plays Quiz Updated Aug 19, 2018

Challenge
Share
Tweet
Embed
Score 0/16 Timer 02:00
319 Plays Today
% Correct
France
93.5%
Norway
92.2%
Bangladesh
88.6%
Estonia
88%
Saudi Arabia
86.9%
Haiti
86.7%
Laos
86.5%
Germany
84.6%
% Correct
Zimbabwe
83.7%
Nicaragua
83.4%
Turkey
82.1%
Indonesia
82.1%
Chad
81%
Moldova
76.4%
Peru
70.2%
Colombia
70.2%

You're not logged in!

Compare scores with friends on all Sporcle quizzes.
Join for Free
OR
Log In

You Might Also Like...

Show Comments

Extras

Top Quizzes Today


Score Distribution

Your Account Isn't Verified!

In order to create a playlist on Sporcle, you need to verify the email address you used during registration. Go to your Sporcle Settings to finish the process.

Report this User

Report this user for behavior that violates our Community Guidelines.

Details: